000 00571nam a2200169 i 4500
001 26804
003 ES-MaACL
005 20250126114840.0
007 t|
008 030110s1971 sp ||||1| spa d
245 0 0 _aArrendamientos urbanos :
_btexto refundido de la Ley de arrendamientos urbanos aprobado por Decreto 4104/1964, de 24 de diciembre...
260 _aMadrid :
_bSegura,
_c[1971]
300 _a144 p. ;
_c15 cm.
852 4 _aES-MaACL
_927814
_bR.81054
_jG-16139
_cDEPO2
_dOlim:C-47704
942 _2udc
_cMONOGRAFIA
_n0
999 _c26804
_d26804